[Event "Heusenstamm Sparkassen op-B 4th"]
[Site "Heusenstamm"]
[Date "2017.11.24"]
[Round "3"]
[White "El Lawindy, Asem"]
[Black "Spill, Werner"]
[Result "1-0"]
[WhiteElo "1562"]
[BlackElo "1372"]
[PlyCount "35"]
[EventDate "2017.11.23"]
[EventType "swiss"]
[EventRounds "7"]
[EventCountry "GER"]
[SourceTitle "EXT 2019"]
[Source "ChessBase"]
[SourceDate "2018.10.10"]
[SourceVersion "1"]
[SourceVersionDate "2018.10.10"]
[SourceQuality "1"]

1. d4 Nf6 2. c4 e6 3. Nc3 b6 4. Nf3 Bb7 5. Qc2 Bb4 6. Bg5 0-0 7. e3 h6 8. Bh4 d6 9. Bd3 Nbd7 10. 0-0 Bxc3 11. Qxc3 Qc8 12. Rac1 Bxf3 13. gxf3 e5 14. Bxf6 Nxf6 15. dxe5 dxe5 16. Qxe5 Re8 17. Qg3 Re5 18. Qxe5 1-0

[Event "Hessen-ch Gr-D 64th"]
[Site "Bad Vilbel"]
[Date "2010.04.02"]
[Round "1"]
[White "Riha, Peter"]
[Black "El Lawindy, Asem"]
[Result "0-1"]
[WhiteElo "1821"]
[BlackElo "1533"]
[PlyCount "82"]
[EventDate "2010.03.31"]
[EventType "swiss"]
[EventRounds "5"]
[EventCountry "GER"]
[SourceTitle "EXT 2011"]
[Source "ChessBase"]
[SourceDate "2010.11.26"]
[SourceVersion "1"]
[SourceVersionDate "2010.11.26"]
[SourceQuality "1"]

1. d4 d5 2. Bf4 Nc6 3. e3 Nf6 4. c4 Bf5 5. Nc3 a6 6. Qb3 Na5 7. Qa4+ c6 8. c5 e6 9. Nf3 Be7 10. Ne5 0-0 11. b4 Nc4 12. Nxc4 dxc4 13. Bxc4 Nd5 14. Nxd5 exd5 15. Be2 Bg5 16. Be5 Re8 17. Qb3 Bf6 18. Bg3 Qe7 19. Bf3 Bxd4 20. Rd1 Be5 21. Bxe5 Qxe5 22. 0-0 Re6 23. Rd4 Rh6 24. g3 Qe6 25. Rfd1 Rf8 26. h4 Qg6 27. h5 Qf6 28. Qa3 Qg5 29. Kf1 Qf6 30. Ke2 g5 31. hxg6 hxg6 32. Qc1 Re8 33. g4 Be4 34. Bxe4 dxe4 35. Rf1 Qf3+ 36. Ke1 Qxg4 37. Qc4 Qf3 38. Rd7 Kf8 39. Rxb7 Rd8 40. Qc2 Rh5 41. Rg1 Rhd5 0-1

[Event "Frankfurt-ch"]
[Site "Frankfurt"]
[Date "2007.06.18"]
[Round "7"]
[White "Evertz, Wolfgang"]
[Black "El Lawindy, Asem"]
[Result "1/2-1/2"]
[WhiteElo "1150"]
[BlackElo "1526"]
[PlyCount "87"]
[EventDate "2007.04.30"]
[EventType "swiss"]
[EventRounds "7"]
[EventCountry "GER"]
[SourceTitle "EXT 2008"]
[Source "ChessBase"]
[SourceDate "2007.11.25"]
[SourceVersion "1"]
[SourceVersionDate "2007.11.25"]
[SourceQuality "1"]

1. e4 e6 2. d4 c5 3. Nf3 cxd4 4. Nxd4 Bc5 5. Nc3 Qb6 6. Na4 Qa5+ 7. Nc3 Qb6 8. Na4 Qa5+ 9. c3 Bxd4 10. Qxd4 Nf6 11. Nc5 0-0 12. b4 Qc7 13. g3 Nc6 14. Qe3 e5 15. Bg2 d6 16. Nd3 Nd4 17. Qd2 Nb5 18. Bb2 Qc6 19. f3 Be6 20. 0-0 Qd7 21. a4 Nc7 22. f4 Bh3 23. f5 Bxg2 24. Qxg2 Qc6 25. Rfe1 Qc4 26. Rad1 Qa6 27. Kh1 Qxa4 28. Ra1 Qb5 29. Re3 Qb6 30. Re2 Ng4 31. Qf3 Nf6 32. g4 g5 33. h3 Nb5 34. Rh2 Rac8 35. Rc1 Rc4 36. Re2 Rfc8 37. Nf2 Nd4 38. cxd4 Rxc1+ 39. Bxc1 Rxc1+ 40. Kh2 Qxd4 41. Kg2 Qa1 42. Qe3 Rc3 43. Qxg5+ Kf8 44. Qxf6 1/2-1/2

[Event "Frankfurt-ch"]
[Site "Frankfurt"]
[Date "2007.06.11"]
[Round "6"]
[White "El Lawindy, Asem"]
[Black "Makilla, Tobias"]
[Result "0-1"]
[WhiteElo "1526"]
[BlackElo "1923"]
[PlyCount "42"]
[EventDate "2007.04.30"]
[EventType "swiss"]
[EventRounds "7"]
[EventCountry "GER"]
[SourceTitle "EXT 2008"]
[Source "ChessBase"]
[SourceDate "2007.11.25"]
[SourceVersion "1"]
[SourceVersionDate "2007.11.25"]
[SourceQuality "1"]

1. e4 e5 2. Nf3 Nc6 3. Bb5 a6 4. Ba4 Nf6 5. 0-0 b5 6. Bb3 Be7 7. Re1 0-0 8. c3 d5 9. exd5 Nxd5 10. Nxe5 Nxe5 11. Rxe5 c6 12. d4 Bd6 13. Re1 Qh4 14. g3 Qh3 15. Re4 g5 16. Bxg5 Qf5 17. Bxd5 cxd5 18. Bf4 Qxe4 19. Bxd6 Bh3 20. f3 Qe3+ 21. Kh1 Qf2 0-1

[Event "Frankfurt-ch"]
[Site "Frankfurt"]
[Date "2007.06.04"]
[Round "5"]
[White "Lewien, Frank"]
[Black "El Lawindy, Asem"]
[Result "0-1"]
[WhiteElo "1435"]
[BlackElo "1526"]
[PlyCount "96"]
[EventDate "2007.04.30"]
[EventType "swiss"]
[EventRounds "7"]
[EventCountry "GER"]
[SourceTitle "EXT 2008"]
[Source "ChessBase"]
[SourceDate "2007.11.25"]
[SourceVersion "1"]
[SourceVersionDate "2007.11.25"]
[SourceQuality "1"]

1. d4 d5 2. Nf3 Nf6 3. e3 b6 4. Bd3 Bb7 5. Nbd2 Nbd7 6. 0-0 e6 7. c4 c6 8. Qe2 Bd6 9. e4 dxe4 10. Nxe4 Nxe4 11. Qxe4 Nf6 12. Qh4 Qc7 13. Bg5 Be7 14. Bf4 Qd8 15. Qg3 Nh5 16. Qg4 Nxf4 17. Qxf4 Bf6 18. Rad1 0-0 19. Qe4 g6 20. h4 Qc7 21. Qe3 c5 22. Be4 cxd4 23. Qd3 Bxe4 24. Qxe4 Qxc4 25. b3 Qa6 26. Rd2 Qa5 27. Qf4 Kg7 28. Re1 Rfe8 29. Ne5 d3 30. g4 Bxe5 31. Rxe5 Qc3 32. g5 Qc1+ 33. Kg2 Qc6+ 34. f3 Rad8 35. Qf6+ Kg8 36. Re4 Rd5 37. Qf4 Rf5 38. Qe3 Rd8 39. Kg3 Qd6+ 40. Kg2 Rd5 41. f4 Qc5 42. Qf3 Qc1 43. Qe3 Rd4 44. Rxe6 Qc8 45. Re8+ Rxe8 46. Qxd4 Qg4+ 47. Kf1 Qf3+ 48. Qf2 Qh1+ 0-1